[Event "European Youth Chess Championship B12"]
[Site "Prague, Top Hotel Prague"]
[Date "2016.08.22"]
[Round "5.43"]
[White "Smelykh, Edvin"]
[Black "Schernthaner, David"]
[Result "0-1"]
[WhiteElo "1709"]
[BlackElo "1844"]
[PlyCount "76"]
[EventDate "2016.08.18"]

1. e4 c5 2. Nf3 d6 3. d4 Nf6 4. Nc3 cxd4 5. Nxd4 Nc6 6. Bg5 e6 7. Qd2 a6 8.
O-O-O h6 9. Nxc6 bxc6 10. Bf4 d5 11. Qe3 Qa5 12. a3 Bc5 13. Qf3 O-O 14. e5 Nh7
15. Rd3 f5 16. g4 Be7 17. h4 fxg4 18. Qxg4 h5 19. Qg3 Rf7 20. Be2 Rf5 21. Rg1
Bf8 22. Rdd1 Rb8 23. Nb1 Qb6 24. b3 c5 25. Bd3 c4 26. Bxf5 exf5 27. e6 Rb7 28.
Rde1 Bxe6 29. Be3 d4 30. Bxd4 Qxd4 31. Rxe6 cxb3 32. c3 b2+ 33. Kc2 Qa4+ 34.
Kd3 Qd7+ 35. Kc2 Qxe6 36. Nd2 Qe2 37. Rb1 Nf6 38. f3 Nd5 0-1

[Event "European Youth Chess Championship B12"]
[Site "Prague, Top Hotel Prague"]
[Date "2016.08.22"]
[Round "5.44"]
[White "Baum, Jonasz"]
[Black "Mechlinski, Jakub"]
[Result "1-0"]
[WhiteElo "1842"]
[BlackElo "1753"]
[PlyCount "109"]
[EventDate "2016.08.18"]

1. e4 e5 2. Nf3 Nf6 3. d4 Nxe4 4. Bd3 d5 5. dxe5 Be6 6. Bxe4 dxe4 7. Qxd8+ Kxd8
8. Ng5 Nc6 9. Nxe6+ fxe6 10. Bg5+ Be7 11. Bxe7+ Kxe7 12. Nc3 Nxe5 13. Nxe4 Nc4
14. O-O-O Nd6 15. Nc5 b6 16. Nd3 Kf6 17. f4 h5 18. Rhe1 Rae8 19. Ne5 Rhg8 20.
Rd3 g5 21. Rf3 g4 22. Ra3 a5 23. c4 Nb7 24. Nc6 Nd6 25. c5 Nf5 26. Ne5 Rd8 27.
cxb6 cxb6 28. Rb3 Rd6 29. Rxb6 Rc8+ 30. Kb1 Rxb6 31. Nd7+ Ke7 32. Nxb6 Rc5 33.
Na4 Rd5 34. Kc1 Nh4 35. Nc3 Rd4 36. Re2 Kf7 37. g3 Nf3 38. Ne4 Nxh2 39. Ng5+
Kg6 40. Rxh2 Rd3 41. Nxe6 Rxg3 42. Nd4 Rd3 43. Ne2 Rh3 44. Rxh3 gxh3 45. Ng3 h4
46. Nf1 Kf5 47. a4 Kxf4 48. b4 Kf3 49. bxa5 Kg2 50. a6 Kxf1 51. a7 h2 52. a8=Q
Kg1 53. Qg8+ Kf2 54. Qd5 h3 55. Qh1 1-0

[Event "European Youth Chess Championship B12"]
[Site "Prague, Top Hotel Prague"]
[Date "2016.08.22"]
[Round "5.45"]
[White "Redzisz, Michal"]
[Black "Luczak, Filip"]
[Result "0-1"]
[WhiteElo "1834"]
[BlackElo "1749"]
[PlyCount "66"]
[EventDate "2016.08.18"]

1. e4 c5 2. Nf3 d6 3. d4 Nf6 4. Nc3 cxd4 5. Qxd4 Nc6 6. Bb5 Bd7 7. Qd3 g6 8.
Bg5 Bg7 9. O-O-O O-O 10. h3 Qa5 11. Bxc6 Bxc6 12. Kb1 Rfc8 13. Bd2 Qc7 14. Rc1
b5 15. Nd5 Bxd5 16. exd5 Nd7 17. Rhe1 Nc5 18. Qe2 Re8 19. Ng5 b4 20. Qf3 Rf8
21. c3 a5 22. Qe3 Qb8 23. h4 Na4 24. cxb4 axb4 25. Rc2 Nc5 26. b3 Qb7 27. Ne4
Qxd5 28. Nxc5 dxc5 29. Qxc5 Qxb3+ 30. Kc1 Rxa2 31. Rxa2 Qxa2 32. Bxb4 Qb2+ 33.
Kd1 Rd8+ 0-1

[Event "European Youth Chess Championship B12"]
[Site "Prague, Top Hotel Prague"]
[Date "2016.08.22"]
[Round "5.46"]
[White "Nytra, Ondrej"]
[Black "Stoian, Cristian-Georgian"]
[Result "0-1"]
[WhiteElo "1708"]
[BlackElo "1826"]
[PlyCount "128"]
[EventDate "2016.08.18"]

1. e4 c5 2. Nf3 Nc6 3. d4 cxd4 4. Nxd4 g6 5. Nc3 Bg7 6. Nb3 Nf6 7. Be2 O-O 8.
O-O d6 9. Kh1 Be6 10. f4 Qc8 11. Qe1 Nb4 12. Qd1 Rd8 13. a3 Nc6 14. Qe1 a5 15.
Be3 a4 16. Nd2 d5 17. Bb6 Rf8 18. Rb1 dxe4 19. Ndxe4 Nxe4 20. Nxe4 Nd4 21. Bd3
Bc4 22. Qb4 Bxd3 23. cxd3 Nc6 24. Qb5 Nd4 25. Qd5 Qc6 26. Qxc6 bxc6 27. Bc5
Rfe8 28. Rfe1 e6 29. Nd6 Reb8 30. Nc4 Rb3 31. Red1 Ne2 32. g3 Rd8 33. Rd2 Nd4
34. Na5 Rb5 35. Bxd4 Rxd4 36. Nxc6 Rd7 37. Nb4 Bf8 38. Nc2 Rb3 39. d4 Rdb7 40.
d5 exd5 41. Rxd5 Rxb2 42. Rxb2 Rxb2 43. Nd4 Ra2 44. Rd8 Rxa3 45. Ra8 Ra1+ 46.
Kg2 a3 47. Kh3 Rd1 48. Nc2 Rd3 49. Nb4 Rb3 50. Nd5 Kg7 51. Kg4 h5+ 52. Kh3 Bc5
53. Ra4 Rb2 54. Nc3 Bg1 55. g4 Rb3 56. Kg2 Rxc3 57. Kxg1 hxg4 58. Ra6 Re3 59.
Ra4 Kf6 60. Kg2 Kf5 61. Ra6 Kxf4 62. Ra4+ Kg5 63. Ra5+ f5 64. Ra8 Rb3 0-1

[Event "European Youth Chess Championship B12"]
[Site "Prague, Top Hotel Prague"]
[Date "2016.08.22"]
[Round "5.47"]
[White "Pobor, Milo"]
[Black "Magold, Victor"]
[Result "1-0"]
[WhiteElo "1817"]
[BlackElo "1708"]
[PlyCount "125"]
[EventDate "2016.08.18"]

1. e4 c5 2. Nf3 e6 3. Nc3 a6 4. d4 cxd4 5. Nxd4 Qc7 6. Be3 b5 7. Qd2 Bb7 8. f3
Nf6 9. Be2 Be7 10. O-O-O O-O 11. g4 d6 12. h4 Nbd7 13. g5 Nh5 14. Rh3 g6 15. f4
Ng7 16. f5 exf5 17. exf5 Nxf5 18. Nxf5 gxf5 19. Bd3 Ne5 20. Bxf5 Qa5 21. Nd5
Qxd2+ 22. Rxd2 Bd8 23. Nf6+ Kg7 24. Nxh7 Rh8 25. Rxd6 Rxh7 26. Bd4 Rh5 27.
Bxe5+ Kf8 28. Rh6 Bxg5+ 29. hxg5 Rxg5 30. Bd6+ Kg7 31. Be5+ f6 32. Rh7+ Kf8 33.
Bd6+ Kg8 34. Rh8+ Kf7 35. R3h7+ Rg7 36. Rxg7+ Kxg7 37. Rh7+ Kg8 38. Rxb7 Re8
39. Rb8 Rxb8 40. Bxb8 Kf7 41. Bc8 a5 42. Bd7 b4 43. Bc7 Ke7 44. Bh3 a4 45. Ba5
b3 46. axb3 axb3 47. cxb3 Kd6 48. Kc2 Kc5 49. Kd3 Kb5 50. Bd8 f5 51. Bxf5 Kc5
52. b4+ Kb5 53. Bd7+ Ka6 54. b5+ Kb7 55. Kc4 Ka7 56. Kc5 Kb7 57. Kd6 Kb8 58.
Kc6 Ka7 59. Bc7 Ka8 60. Bf4 Ka7 61. Bc8 Ka8 62. Bb7+ Ka7 63. b6# 1-0

[Event "European Youth Chess Championship B12"]
[Site "Prague, Top Hotel Prague"]
[Date "2016.08.22"]
[Round "5.48"]
[White "Frank, Adam"]
[Black "Rokos, Filip"]
[Result "1/2-1/2"]
[WhiteElo "1816"]
[BlackElo "1687"]
[PlyCount "80"]
[EventDate "2016.08.18"]

1. e4 e6 2. d4 d5 3. Nd2 c5 4. c3 Nc6 5. Ngf3 Nf6 6. e5 Nd7 7. Bd3 Qb6 8. O-O
Be7 9. Qc2 cxd4 10. cxd4 Nb4 11. Qb3 Nxd3 12. Qxd3 Nf8 13. Nb3 Bd7 14. Re1 Ng6
15. Bd2 Bb5 16. Qe3 O-O 17. Rac1 Rac8 18. h3 Qa6 19. a3 Bc4 20. Na5 Bb5 21. Nb3
b6 22. Bc3 Rc7 23. Bb4 Bc4 24. Nbd2 Rfc8 25. Nxc4 Rxc4 26. Bxe7 Nxe7 27. g4 Qb5
28. b3 Rxc1 29. Rxc1 Rxc1+ 30. Qxc1 Qxb3 31. Qc7 Ng6 32. Ng5 Qxa3 33. Qxf7+ Kh8
34. Qe8+ Qf8 35. Qxe6 Nf4 36. Qd7 h6 37. e6 hxg5 38. e7 Nxh3+ 39. Kg2 Qxf2+ 40.
Kxh3 Qf3+ 1/2-1/2

[Event "European Youth Chess Championship B12"]
[Site "Prague, Top Hotel Prague"]
[Date "2016.08.22"]
[Round "5.49"]
[White "Husa, Daniel"]
[Black "Neumann, Filip"]
[Result "1-0"]
[WhiteElo "1488"]
[BlackElo "1812"]
[PlyCount "109"]
[EventDate "2016.08.18"]

1. d4 Nf6 2. Nd2 d5 3. e3 Bf5 4. c4 e6 5. Qb3 Qc8 6. Ngf3 c6 7. Be2 Bd6 8. O-O
O-O 9. Bd3 Bg6 10. Qc2 Nbd7 11. Bxg6 hxg6 12. c5 Be7 13. Rb1 Qc7 14. a4 e5 15.
h3 Rfe8 16. b4 exd4 17. exd4 Ne4 18. Re1 Ndf6 19. Nxe4 Nxe4 20. Nd2 Nxf2 21.
Re2 Ne4 22. Nxe4 dxe4 23. Rxe4 Bf6 24. Bf4 Qd7 25. Rd1 Rxe4 26. Qxe4 Re8 27.
Qd3 Qd5 28. Be3 Qe4 29. Qxe4 Rxe4 30. Kf2 Bh4+ 31. Kf3 f5 32. b5 Bf6 33. bxc6
bxc6 34. d5 cxd5 35. Rxd5 Rxa4 36. c6 Rc4 37. Rc5 Rxc5 38. Bxc5 Be5 39. Bxa7
Bc7 40. Be3 Kf7 41. Bf4 Bxf4 42. Kxf4 Ke6 43. Kg5 Kd6 44. Kxg6 f4 45. Kxg7 Kxc6
46. Kf6 Kd5 47. Kf5 Kd6 48. Kxf4 Ke6 49. Kg5 Kf7 50. g4 Kg7 51. h4 Kh7 52. Kf6
Kg8 53. g5 Kf8 54. g6 Kg8 55. g7 1-0

[Event "European Youth Chess Championship B12"]
[Site "Prague, Top Hotel Prague"]
[Date "2016.08.22"]
[Round "5.50"]
[White "Dardha, Daniel"]
[Black "Hadjinicolaou, Andreas"]
[Result "1-0"]
[WhiteElo "2095"]
[BlackElo "1488"]
[PlyCount "125"]
[EventDate "2016.08.18"]

1. d4 Nf6 2. c4 Nc6 3. Nf3 e6 4. g3 d5 5. Bg2 dxc4 6. O-O Ne7 7. Na3 Ng6 8.
Nxc4 Be7 9. Bg5 h6 10. Bxf6 Bxf6 11. Rc1 c6 12. h4 h5 13. e4 Be7 14. Qe2 O-O
15. Rfd1 f6 16. Ne1 Kf7 17. d5 Qe8 18. d6 b5 19. dxe7 Qxe7 20. Nd6+ Kg8 21.
Nxc8 Raxc8 22. Qxh5 Ne5 23. Nd3 g6 24. Qh6 Qf7 25. Nxe5 fxe5 26. Rd2 c5 27.
Rcd1 Rc7 28. f3 c4 29. Rd8 c3 30. bxc3 Qg7 31. Rxf8+ Kxf8 32. Qxg7+ Kxg7 33.
Rd3 Kf7 34. Kf2 Rc4 35. Rd7+ Kf6 36. Rxa7 Rxc3 37. Rb7 Rc2+ 38. Kg1 Rxa2 39.
Rxb5 Ra1+ 40. Kh2 Ra8 41. g4 Rh8 42. g5+ Ke7 43. Kg3 Kd6 44. Rb6+ Kd7 45. Bh3
Re8 46. Rxe6 Rxe6 47. Bxe6+ Kxe6 48. h5 Kf7 49. hxg6+ Kg7 50. Kh4 Kxg6 51. Kg4
Kg7 52. Kf5 Kf7 53. Kxe5 Kg7 54. f4 Kf7 55. f5 Ke8 56. Ke6 Kf8 57. f6 Ke8 58.
g6 Kf8 59. g7+ Kg8 60. Ke7 Kh7 61. Kf7 Kh6 62. g8=Q Kh5 63. Qg6+ 1-0

[Event "European Youth Chess Championship B12"]
[Site "Prague, Top Hotel Prague"]
[Date "2016.08.22"]
[Round "5.51"]
[White "Hajpek, Erik"]
[Black "Karacsonyi, Gellert"]
[Result "0-1"]
[WhiteElo "1701"]
[BlackElo "2122"]
[PlyCount "56"]
[EventDate "2016.08.18"]

1. e4 c5 2. Nf3 Nc6 3. d4 cxd4 4. Nxd4 g6 5. Nc3 Bg7 6. Be3 Nf6 7. f3 O-O 8.
Nb3 Re8 9. Qd2 e6 10. g4 d5 11. O-O-O dxe4 12. Nxe4 Nxe4 13. fxe4 Qc7 14. h4
Rd8 15. Bd3 a5 16. Qf2 a4 17. Nd2 Nb4 18. Kb1 Rxd3 19. Bc5 Nxc2 20. Kxc2 Bd4
21. Kxd3 Bxf2 22. Bxf2 Bd7 23. Rc1 Bb5+ 24. Ke3 Qd6 25. h5 Qd3+ 26. Kf4 Qxd2+
27. Be3 g5+ 28. Kf3 Qe2+ 0-1

[Event "European Youth Chess Championship B12"]
[Site "Prague, Top Hotel Prague"]
[Date "2016.08.22"]
[Round "5.52"]
[White "Krejcok, Tobias"]
[Black "Glozar, Petr"]
[Result "1/2-1/2"]
[WhiteElo "1851"]
[BlackElo "1688"]
[PlyCount "144"]
[EventDate "2016.08.18"]

1. e4 c6 2. d4 d5 3. Nc3 dxe4 4. Nxe4 Bf5 5. Ng3 Bg6 6. h4 h6 7. h5 Bh7 8. Nf3
Nd7 9. Bd3 Bxd3 10. Qxd3 e6 11. Bd2 Qc7 12. O-O-O Ngf6 13. Rhe1 O-O-O 14. c4
Bd6 15. Ne4 Nxe4 16. Qxe4 Nf6 17. Qh4 c5 18. Kb1 Kb8 19. dxc5 Qxc5 20. Be3 Qf5+
21. Ka1 Ka8 22. Bd4 e5 23. Bc3 Rhe8 24. a3 a6 25. Nxe5 Bxe5 26. Rxd8+ Rxd8 27.
Bxe5 Re8 28. f4 Qxh5 29. Bxf6 Rxe1+ 30. Qxe1 gxf6 31. Qd2 Qc5 32. Qe2 Qc6 33.
g3 Qh1+ 34. Ka2 Qc6 35. Kb1 Qa4 36. Qd3 Qc6 37. Qd5 Qb6 38. Qxf7 Qg1+ 39. Ka2
Qxg3 40. Qxf6 Qd3 41. Qf8+ Ka7 42. Qc5+ Ka8 43. f5 Qf1 44. Qf8+ Ka7 45. Qf7 h5
46. Qe6 h4 47. f6 h3 48. f7 h2 49. Qd5 Qxf7 50. Qxf7 h1=Q 51. Qc7 Qc1 52. Qc5+
Ka8 53. Qb4 Qd1 54. Qf8+ Ka7 55. Qc5+ Ka8 56. Qd5 Qc2 57. c5 Qc1 58. Qd8+ Ka7
59. Qd4 Ka8 60. b4 Qc2+ 61. Qb2 Qc4+ 62. Kb1 Qd3+ 63. Kc1 Qc4+ 64. Kd2 Qd5+ 65.
Ke3 Qe6+ 66. Kf4 Qc4+ 67. Kg5 Qg8+ 68. Kh6 Qe8 69. Kg7 Qe7+ 70. Kg6 Qe8+ 71.
Kf5 Qb5 72. Kf6 Qe8 1/2-1/2

[Event "European Youth Chess Championship B12"]
[Site "Prague, Top Hotel Prague"]
[Date "2016.08.22"]
[Round "5.53"]
[White "Bonciu, David"]
[Black "Hofman, Krystof"]
[Result "1/2-1/2"]
[WhiteElo "1820"]
[BlackElo "1684"]
[PlyCount "63"]
[EventDate "2016.08.18"]

1. e4 c5 2. Nf3 d6 3. d4 cxd4 4. Nxd4 Nf6 5. Nc3 a6 6. Qf3 g6 7. h3 Bg7 8. Be3
O-O 9. O-O-O Nc6 10. g4 Nxd4 11. Bxd4 Be6 12. g5 Nd7 13. Bxg7 Kxg7 14. h4 Qa5
15. Kb1 Rfc8 16. Be2 b5 17. h5 Ne5 18. Qe3 Rxc3 19. Qxc3 Bxa2+ 20. Kc1 Qxc3 21.
bxc3 Bc4 22. Bxc4 Nxc4 23. h6+ Kf8 24. Rd4 e6 25. Kd1 Re8 26. Ke2 Rc8 27. Ra1
Rc6 28. f4 e5 29. fxe5 Nxe5 30. Ra3 Nc4 31. Rb3 Na5 32. Ra3 1/2-1/2

[Event "European Youth Chess Championship B12"]
[Site "Prague, Top Hotel Prague"]
[Date "2016.08.22"]
[Round "5.54"]
[White "Wolaniecki, Patryk"]
[Black "Misiuk, Ernest"]
[Result "1/2-1/2"]
[WhiteElo "1669"]
[BlackElo "1783"]
[PlyCount "79"]
[EventDate "2016.08.18"]

1. e4 c5 2. Nf3 e6 3. d4 cxd4 4. Nxd4 Bc5 5. Nb3 Bb6 6. Bd3 Ne7 7. O-O O-O 8.
c4 f5 9. Nc3 Nbc6 10. c5 Bc7 11. f4 b6 12. e5 bxc5 13. Nxc5 Bb6 14. Be3 d6 15.
exd6 Qxd6 16. N3a4 Nd5 17. Qc1 Nxe3 18. Qxe3 Bxc5 19. Nxc5 Nb4 20. Rad1 Nd5 21.
Qd4 Rb8 22. Bc4 Rd8 23. Rfe1 Rb6 24. g3 Rc6 25. Nxe6 Bxe6 26. Rxe6 Qxe6 27.
Bxd5 Qxd5 28. Qxd5+ Rxd5 29. Rxd5 Rc1+ 30. Kg2 Rc2+ 31. Kh3 Rxb2 32. Rd8+ Kf7
33. Rd7+ Kg6 34. Rxa7 Kh6 35. a4 Ra2 36. a5 Rb2 37. Rc7 Ra2 38. Rc6+ Kh5 39. a6
h6 40. Rc5 1/2-1/2

[Event "European Youth Chess Championship B12"]
[Site "Prague, Top Hotel Prague"]
[Date "2016.08.22"]
[Round "5.55"]
[White "Nguyen, Thai Dai Vinh"]
[Black "Mach, Petr"]
[Result "1-0"]
[WhiteElo "1774"]
[BlackElo "1654"]
[PlyCount "39"]
[EventDate "2016.08.18"]

1. e4 c5 2. Nf3 e6 3. d4 cxd4 4. Nxd4 Nf6 5. Nc3 d6 6. f4 Be7 7. Be3 Nc6 8. Qf3
Nxd4 9. Bxd4 Bd7 10. O-O-O a6 11. h3 Bc6 12. g4 O-O 13. g5 Nd7 14. Qh5 f5 15.
Bc4 fxe4 16. Bxe6+ Kh8 17. Bxg7+ Kxg7 18. Qh6+ Kh8 19. g6 Nf6 20. g7# 1-0

[Event "European Youth Chess Championship B12"]
[Site "Prague, Top Hotel Prague"]
[Date "2016.08.22"]
[Round "5.56"]
[White "Barak, David"]
[Black "Malkoc, Tilen"]
[Result "1/2-1/2"]
[WhiteElo "1627"]
[BlackElo "1770"]
[PlyCount "81"]
[EventDate "2016.08.18"]

1. d4 f5 2. Nc3 d5 3. Bf4 Nf6 4. e3 g6 5. Nf3 h6 6. Be2 Bg7 7. O-O O-O 8. Rc1
Be6 9. h3 Nbd7 10. Ne5 Bf7 11. Nb1 Ne4 12. Nxf7 Kxf7 13. c4 c6 14. cxd5 cxd5
15. Qb3 Ndf6 16. Qxb7 Qd7 17. Qxd7 Nxd7 18. Rc7 Rfd8 19. Rfc1 g5 20. Bh2 f4 21.
Bh5+ Kf8 22. Nc3 Ndf6 23. Nxe4 dxe4 24. Be2 fxe3 25. Be5 exf2+ 26. Kxf2 Nd5 27.
R7c5 Bxe5 28. dxe5 Nf4 29. g3 Nd3+ 30. Bxd3 Rxd3 31. e6 a6 32. Re5 Rd2+ 33. Ke3
Rxb2 34. a4 Rb3+ 35. Kf2 Rd8 36. Rxe4 Rd2+ 37. Kf1 Rxg3 38. Rce1 Ke8 39. h4
gxh4 40. Rf4 Rg6 41. Rxh4 1/2-1/2

[Event "European Youth Chess Championship B12"]
[Site "Prague, Top Hotel Prague"]
[Date "2016.08.22"]
[Round "5.57"]
[White "Jordanov, Mihail"]
[Black "Vainerchuk, Barys"]
[Result "1/2-1/2"]
[WhiteElo "1758"]
[BlackElo "1592"]
[PlyCount "63"]
[EventDate "2016.08.18"]

1. e4 c5 2. Nc3 Nc6 3. g3 g6 4. Bg2 Bg7 5. Nge2 e6 6. O-O Nge7 7. d3 d6 8. Be3
Nd4 9. Qd2 O-O 10. Rae1 Rb8 11. Nd1 Nxe2+ 12. Rxe2 Bd7 13. Bh6 Qc7 14. Bxg7
Kxg7 15. Ne3 Rbd8 16. Ng4 f5 17. exf5 Nxf5 18. Be4 Nd4 19. Ree1 Bc6 20. c3 Bxe4
21. cxd4 Bf5 22. Ne3 Bh3 23. Ng2 Qc6 24. f4 Bxg2 25. Qxg2 Qxg2+ 26. Kxg2 cxd4
27. Re4 e5 28. Rfe1 Rc8 29. fxe5 Rc2+ 30. R1e2 Rxe2+ 31. Rxe2 Re8 32. Rc2
1/2-1/2

[Event "European Youth Chess Championship B12"]
[Site "Prague, Top Hotel Prague"]
[Date "2016.08.22"]
[Round "5.58"]
[White "Pribyl, Viktor"]
[Black "Sarighioleanu, Sebastian-Laure"]
[Result "1-0"]
[WhiteElo "1742"]
[BlackElo "1572"]
[PlyCount "67"]
[EventDate "2016.08.18"]

1. d4 d5 2. Nf3 Nf6 3. c4 c6 4. Bf4 Bf5 5. Nc3 e6 6. Qb3 Qb6 7. c5 Qxb3 8. axb3
Nbd7 9. b4 a6 10. b5 cxb5 11. Nxb5 Rc8 12. Nc3 Be7 13. e3 O-O 14. h3 Ne4 15.
Nxe4 Bxe4 16. Be2 Nb8 17. O-O Nc6 18. Ne5 Nxe5 19. Bxe5 f6 20. Bg3 e5 21. b4
exd4 22. exd4 Bf5 23. Rfe1 Kf7 24. b5 axb5 25. Ra7 g6 26. Rxb7 Be6 27. Bd6 Rfe8
28. Bxb5 f5 29. Bxe8+ Rxe8 30. c6 Kf6 31. Bxe7+ Rxe7 32. Rxe7 Kxe7 33. c7 Kd7
34. Rxe6 1-0

[Event "European Youth Chess Championship B12"]
[Site "Prague, Top Hotel Prague"]
[Date "2016.08.22"]
[Round "5.59"]
[White "Jirousek, Jan"]
[Black "Pajcin, Lav"]
[Result "0-1"]
[WhiteElo "1581"]
[BlackElo "1735"]
[PlyCount "72"]
[EventDate "2016.08.18"]

1. d4 d5 2. c4 e6 3. Nc3 Nf6 4. Bg5 Nbd7 5. cxd5 exd5 6. e3 c6 7. Nf3 Be7 8.
Bd3 O-O 9. O-O Ne4 10. Bxe7 Qxe7 11. Qc2 Ndf6 12. Bxe4 Nxe4 13. Nxe4 dxe4 14.
Nd2 Re8 15. Rab1 Bg4 16. Rfe1 Bh5 17. b4 Bg6 18. a4 Red8 19. b5 Rac8 20. Rec1
h6 21. Qc5 Qxc5 22. Rxc5 cxb5 23. Rbxb5 b6 24. Rxc8 Rxc8 25. h3 Rc2 26. Nf1 Ra2
27. Rb4 Ra1 28. g4 f5 29. Kg2 fxg4 30. hxg4 Be8 31. Ng3 Rxa4 32. Rxa4 Bxa4 33.
Nxe4 Bc6 34. f3 Bxe4 35. fxe4 a5 36. d5 a4 0-1

[Event "European Youth Chess Championship B12"]
[Site "Prague, Top Hotel Prague"]
[Date "2016.08.22"]
[Round "5.60"]
[White "Stepanencu, Nicodim-Cosmin"]
[Black "Aalto, Patrik"]
[Result "0-1"]
[WhiteElo "1551"]
[BlackElo "1733"]
[PlyCount "96"]
[EventDate "2016.08.18"]

1. e4 c5 2. Nf3 g6 3. d4 cxd4 4. Nxd4 Bg7 5. Nc3 Nc6 6. Be3 Nf6 7. Bc4 Qa5 8.
O-O d6 9. h3 O-O 10. Nb3 Qd8 11. Nd4 Bd7 12. Bb3 a6 13. Qd2 Rc8 14. Rad1 b5 15.
Qe2 Na5 16. Qd3 Qc7 17. Rfe1 Nc4 18. Bc1 Qc5 19. Nce2 Rc7 20. Ng3 Bc8 21. Nf3
Nd7 22. c3 Bb7 23. Bc2 Rfc8 24. Ne2 Nde5 25. Nxe5 Nxe5 26. Qg3 b4 27. Bd2 bxc3
28. Bxc3 Qb6 29. Nf4 Qc5 30. Bb3 Nc4 31. Bxg7 Kxg7 32. Qc3+ Ne5 33. Qxc5 Rxc5
34. Nd5 Bxd5 35. Bxd5 Rc2 36. Rb1 Nd3 37. Red1 Nxb2 38. Rf1 Nd3 39. Rb7 R8c7
40. Rfb1 Rxb7 41. Rxb7 Kf6 42. Rb6 Nc5 43. f4 Kg7 44. Rc6 e6 45. Bxe6 fxe6 46.
e5 d5 47. Rc7+ Kf8 48. Rxh7 d4 0-1

[Event "European Youth Chess Championship B12"]
[Site "Prague, Top Hotel Prague"]
[Date "2016.08.22"]
[Round "5.61"]
[White "Sunde, Nicholas"]
[Black "Skypala, Ondrej"]
[Result "0-1"]
[WhiteElo "1375"]
[BlackElo "1703"]
[PlyCount "74"]
[EventDate "2016.08.18"]

1. d4 Nf6 2. c4 g6 3. Nf3 Bg7 4. g3 O-O 5. Bg2 d6 6. O-O Nbd7 7. Nc3 e5 8. Qc2
exd4 9. Nxd4 Ne5 10. b3 Nfd7 11. Rd1 a6 12. Bb2 Nc5 13. Ba3 Ne6 14. Nf3 Nxf3+
15. Bxf3 Nd4 16. Qd3 Nxf3+ 17. Qxf3 Re8 18. Rac1 Qf6 19. Qxf6 Bxf6 20. Nd5 Bd8
21. e3 b5 22. c5 dxc5 23. Bxc5 Bb7 24. Nf4 Rc8 25. Bb4 Bf6 26. Rd7 Bd8 27. Nd3
Be4 28. Nf4 Bf5 29. Rd5 c6 30. Rd2 Bb6 31. Bc5 Bc7 32. Bd6 Bb6 33. Bc5 Bc7 34.
Bd6 Red8 35. Rxc6 Be4 36. Rc1 Bxd6 37. Rcd1 Bf3 0-1

[Event "European Youth Chess Championship B12"]
[Site "Prague, Top Hotel Prague"]
[Date "2016.08.22"]
[Round "5.62"]
[White "Luu, Robert"]
[Black "Dudek, Vojtech"]
[Result "1-0"]
[WhiteElo "1779"]
[BlackElo "1529"]
[PlyCount "75"]
[EventDate "2016.08.18"]

1. d4 c5 2. Nf3 cxd4 3. Nxd4 Nf6 4. g3 g6 5. Bg2 Bg7 6. O-O O-O 7. c4 Nc6 8. e3
a6 9. Nc3 Qc7 10. b3 d6 11. Bb2 Bd7 12. Rc1 Nxd4 13. exd4 Bc6 14. d5 Bd7 15.
Re1 Rae8 16. Qd2 Qc8 17. Re2 Bh3 18. Rce1 Bxg2 19. Kxg2 Qd7 20. Ne4 Nh5 21.
Bxg7 Nxg7 22. Ng5 Nh5 23. Re4 b5 24. Rh4 Qf5 25. Ree4 Nf6 26. g4 Nxe4 27. gxf5
Nxd2 28. Nxh7 gxf5 29. Nxf8 Rxf8 30. cxb5 axb5 31. Rb4 Rb8 32. a4 Rb6 33. f3
Kf8 34. Kf2 Ke8 35. Ke2 Nb1 36. Kd3 Na3 37. Kc3 Kd7 38. Kb2 1-0

[Event "European Youth Chess Championship B12"]
[Site "Prague, Top Hotel Prague"]
[Date "2016.08.22"]
[Round "5.63"]
[White "Hosnedl, Matyas"]
[Black "Rousek, Jan"]
[Result "0-1"]
[WhiteElo "1652"]
[BlackElo "1521"]
[PlyCount "44"]
[EventDate "2016.08.18"]

1. e4 c5 2. Nf3 e6 3. d4 cxd4 4. Nxd4 Nf6 5. Nc3 Nc6 6. a3 Be7 7. Be2 d5 8.
Nxc6 bxc6 9. e5 Nd7 10. Qd4 O-O 11. f4 Bc5 12. Qd3 f6 13. Qh3 Nb6 14. b4 Bd4
15. exf6 Qxf6 16. Bb2 e5 17. Qd3 Qxf4 18. Qf3 Qh4+ 19. g3 Rxf3 20. gxh4 Bxc3+
21. Kd1 Bxb2 22. Rb1 Rxa3 0-1

[Event "European Youth Chess Championship B12"]
[Site "Prague, Top Hotel Prague"]
[Date "2016.08.22"]
[Round "5.64"]
[White "Hrbek, Tomas"]
[Black "Gogna, Aman"]
[Result "0-1"]
[WhiteElo "1633"]
[BlackElo "1412"]
[PlyCount "62"]
[EventDate "2016.08.18"]

1. e4 c5 2. Nc3 e6 3. g3 a6 4. Bg2 Nc6 5. f4 g6 6. Nf3 Bg7 7. O-O Nge7 8. d3
O-O 9. g4 f5 10. h3 Rb8 11. Nh4 Nd4 12. exf5 exf5 13. Nd5 Nec6 14. Nf3 Nxf3+
15. Rxf3 d6 16. Re3 Bd4 17. c3 Bxe3+ 18. Bxe3 Be6 19. b4 Ne7 20. c4 b6 21. g5
Nxd5 22. cxd5 Bd7 23. h4 Qe7 24. Kf2 Rfe8 25. Qe2 a5 26. Re1 axb4 27. Qc2 Qg7
28. Bd2 Rxe1 29. Kxe1 Qd4 30. Kf1 Bb5 31. Ke1 Qg1+ 0-1

[Event "European Youth Chess Championship B12"]
[Site "Prague, Top Hotel Prague"]
[Date "2016.08.22"]
[Round "5.65"]
[White "Devyaterikov, Ivan"]
[Black "Dwyer, Daniel"]
[Result "1-0"]
[WhiteElo "1536"]
[BlackElo "1629"]
[PlyCount "104"]
[EventDate "2016.08.18"]

1. d4 c6 2. c4 d5 3. Nc3 Nf6 4. Nf3 a6 5. Bf4 Bg4 6. Ne5 Bh5 7. Qb3 b5 8. c5 e6
9. e3 Nfd7 10. a4 Nxe5 11. Bxe5 Nd7 12. Bg3 e5 13. Bd3 Be7 14. Bf5 exd4 15.
exd4 Nf6 16. O-O O-O 17. Rfe1 Bg4 18. Bxg4 Nxg4 19. axb5 Bh4 20. h3 Bxg3 21.
fxg3 Nf6 22. Rxa6 Rxa6 23. bxa6 Qc7 24. g4 Qg3 25. Rd1 Ra8 26. Qc2 h6 27. Ra1
Qf4 28. Qf2 Qb8 29. Qe2 Qf4 30. Qf2 Qb8 31. Qd2 Qg3 32. Ra5 Qc7 33. Na4 Ne4 34.
Qe1 Ra7 35. Nb6 Qd8 36. b4 Qf6 37. Qe3 Qd8 38. g3 Qf6 39. Nc8 Ra8 40. a7 Rxc8
41. a8=Q Rxa8 42. Rxa8+ Kh7 43. Re8 Qg6 44. Qf4 Nf6 45. Re1 Ne4 46. Qf5 Nxg3
47. Qxg6+ Kxg6 48. b5 cxb5 49. c6 Ne4 50. Rxe4 dxe4 51. c7 e3 52. c8=Q e2 1-0

[Event "European Youth Chess Championship B12"]
[Site "Prague, Top Hotel Prague"]
[Date "2016.08.22"]
[Round "5.66"]
[White "Jaques, Hannibal Valeur"]
[Black "Jun, Rudolf Jr"]
[Result "0-1"]
[WhiteElo "1518"]
[BlackElo "1621"]
[PlyCount "54"]
[EventDate "2016.08.18"]

1. e4 c5 2. Nc3 e6 3. g3 Nc6 4. Bg2 a6 5. f4 Be7 6. Nf3 h5 7. h3 d5 8. d3 d4 9.
Ne2 Nf6 10. Bd2 O-O 11. Kf2 b5 12. Qg1 Qb6 13. Qh2 c4 14. Kf1 Bb4 15. g4 Bxd2
16. Nxd2 Nb4 17. e5 Nfd5 18. dxc4 Ne3+ 19. Kf2 Nxg2 20. Kxg2 Nxc2 21. Rac1 d3
22. Nc3 Bb7+ 23. Nf3 Ne3+ 24. Kg3 h4+ 25. Kxh4 Bxf3 26. Rhg1 bxc4 27. g5 Nf5#
0-1

[Event "European Youth Chess Championship B12"]
[Site "Prague, Top Hotel Prague"]
[Date "2016.08.22"]
[Round "5.67"]
[White "Cuttoli, Alexandre"]
[Black "Papuc, David"]
[Result "0-1"]
[WhiteElo "1618"]
[BlackElo "1329"]
[PlyCount "102"]
[EventDate "2016.08.18"]

1. e4 c6 2. d4 d5 3. f3 e5 4. dxe5 Bc5 5. exd5 Qb6 6. Nh3 Bxh3 7. gxh3 Qb4+ 8.
Ke2 cxd5 9. Qd3 Nc6 10. c3 Qb6 11. Na3 Nxe5 12. Qb5+ Qxb5+ 13. Nxb5 O-O-O 14.
Nd4 Nc6 15. Bf4 Nxd4+ 16. cxd4 Bd6 17. Rc1+ Kb8 18. Bxd6+ Rxd6 19. Rc5 Nf6 20.
Rg1 Re8+ 21. Kf2 g6 22. Rg5 h6 23. Re5 Rxe5 24. dxe5 Nd7 25. exd6 Nxc5 26. Bb5
Kc8 27. Be8 f6 28. d7+ Nxd7 29. Bxg6 Kc7 30. Ke3 Kd6 31. Kd4 Ne5 32. Bc2 Nxf3+
33. Ke3 Ne5 34. Kd4 Nc6+ 35. Ke3 Ke5 36. Ba4 f5 37. Bb3 Na5 38. Kf3 Nxb3 39.
axb3 f4 40. h4 h5 41. h3 a5 42. b4 axb4 43. b3 d4 44. Ke2 Ke4 45. Ke1 Ke3 46.
Kf1 d3 47. Ke1 f3 48. Kf1 d2 49. Kg1 d1=Q+ 50. Kh2 Qd2+ 51. Kh1 Qg2# 0-1